000 02558nam a22003737a 4500
001 103092
003 KnowledgeUnlatched
005 20210303105106.0
006 m o d
007 cr u||||||||||
008 210129p20182019xx o u00| u ger d
037 _5BiblioBoard
245 0 4 _aDie Digitale Transformation im Gesundheitswesen
_bTransformation, Innovation, Disruption /
_cDavid Matusiewicz, Christian Pittelkau, Arno Elmer.
020 _a9783954663576
029 1 _ahttps://library.biblioboard.com/ext/api/media/7f9582ce-438a-4e94-8b81-2518f6f66290/assets/thumbnail.jpg
040 _aScCtBLL
_cScCtBLL
506 0 _aAccess copy available to the general public.
_fUnrestricted
_2star
700 1 _aMatusiewicz, David
_eeditor.
700 1 _aPittelkau, Christian
_eeditor.
700 1 _aElmer, Arno
_eeditor.
264 1 _bMWV Medizinisch Wissenschaftliche Verlagsgesellschaft,
300 _a1 online resource (374 p.)
520 _a"Der digitale Wandel macht vor keiner Branche halt: Die Digitalisierung wird auch die Gesundheitswirtschaft in den nächsten Jahren deutlich verändern. Dies betrifft Kostenträger und Leistungserbringer, aber vor allem die Versicherten und Patienten, die durch digitale Lösungen eine aktive Rolle als souveräne Kunden einnehmen werden. Online-Apotheken greifen die stationären Apotheken an, das Krankenhaus 4.0 setzt auf digitale Patientenakten, Start-ups und Entrepreneure bauen an Apps und Lösungen für ein innovatives Gesundheitssystem. Das Buch beleuchtet aus verschiedenen Perspektiven praxisnah und fundiert die Digitalisierung im Gesundheitswesen. Akteure aus Politik, Krankenversicherung, Gesundheitseinrichtungen, Selbstverwaltung und Wirtschaft verorten ihre Institutionen in der digitalen Transformation. Experten, junge Entscheider und Start-ups zeigen Chancen, Herausforderungen und Grenzen auf und gehen der Frage nach, wie die Digitalisierung die Gesundheitsversorgung verändern wird."
588 0 _aDescription based on print version record.
590 _aKU Open Services
650 7 _aMedical
_2bisacsh
650 0 _aMedicine
655 0 _aElectronic books.
758 _iIs found in:
_aKnowledge Unlatched
_1https://openresearchlibrary.org/module/2774bc74-146a-484f-a7ba-ab1d6a09bbfb
856 4 0 _uhttps://openresearchlibrary.org/content/7f9582ce-438a-4e94-8b81-2518f6f66290
_zView this content on Open Research Library.
_70
999 _c33565
_d33565